000 01778nam0a2200445 4500
001 RU\NLR\bibl\84116
005 20250616105532.0
010 _a5-7632-0684-3
_912000
020 _aRU
_b98-29182
_9Книжная летопись
021 _aRU
_b98-19733
_9937
035 _a(NLR Aleph) 000082155
090 _a457836
_c457836
100 _a20000410d1998 |||y0rusy50 ca
101 1 _arus
_ceng
102 _aRU
105 _aa |||||||||
200 1 _aАдам нового мира
_eРоман
_fДжек Линдсей
_g[Пер. с англ. М.Е. Абкиной
_gХудож. М.В. Лукьянов]
210 _aМ.
_cАрмада
_d1998
215 _a408, [3] с.
_cил.
_d21
225 1 _aВеликие ученые
300 _aНа обл. только загл. сер.: Великие ученые в романах. Джордано Бруно
320 _aСписок соч. авт.: с. 392
461 0 _12001#$aВеликие ученые в романах$iДжордано Бруно
_tВеликие ученые в романах
600 1 _aБруно
_bД.
_f1548 - 1600
_gДжордано
_xв художественной литературе
_91190765
_3RU\NLR\auth\66162605
610 0 _aИталия, 16 в. (х. л.)
610 0 _aИсторические романы и рассказы (х. л.)
675 _a820-31Линдсей
_v3
_zrus
686 _a17
_2rugasnti
686 _a84(4Вел)
_2rubbk
686 _aШ6(4Вл)67-442
700 1 _aЛиндсей
_bД.
_gДжек
_4070
801 0 _aRU
_bRKP
_c20000410
_gPSBO
801 1 _aRU
_bRKP
_c20000410
801 2 _aRU
_bNLR
_c20000720
_grcr
852 _aNLR
_j98-3/6232
942 _cBOOK
980 _aNB